La magia del amor / (Registro nro. 7054)

Detalles MARC
000 -LEADER
fixed length control field 01065nam a22002537a 4500
003 - CONTROL NUMBER IDENTIFIER
control field OSt
005 - DATE AND TIME OF LATEST TRANSACTION
control field 20250612104708.0
008 - FIXED-LENGTH DATA ELEMENTS--GENERAL INFORMATION
fixed length control field 210106s2005 ck a|||jr|||| 00| 0 spa d
020 ## - INTERNATIONAL STANDARD BOOK NUMBER
International Standard Book Number 9789583015465
040 ## - CATALOGING SOURCE
Original cataloging agency CO-JMCR
Transcribing agency CO-JMCR
041 0# - LANGUAGE CODE
Language code of text/sound track or separate title spa
082 04 - DEWEY DECIMAL CLASSIFICATION NUMBER
Classification number J-N
Item number PRIm
Edition number 23
100 1# - MAIN ENTRY--PERSONAL NAME
Personal name Prieto Jiménez, Iliana,
Relator term autora
9 (RLIN) 12724
245 13 - TITLE STATEMENT
Title La magia del amor /
Statement of responsibility, etc. Iliana Prieto Jiménez ; ilustraciones, Mauricio Trejos
260 ## - PUBLICATION, DISTRIBUTION, ETC.
Place of publication, distribution, etc. Bogotá :
Name of publisher, distributor, etc. Panamericana,
Date of publication, distribution, etc. 2005
300 ## - PHYSICAL DESCRIPTION
Extent 179 páginas :
Other physical details ilustraciones a color ;
Dimensions 22 cm.
490 ## - SERIES STATEMENT
Series statement Literatura juvenil
520 0# - SUMMARY, ETC.
Summary, etc. Nadia esta a punto de cumplir quince años y todavía no se ha enamorado. Cree que el amor es algo especial y aunque se sienta diferente por que casi todas sus amigas ya tienen novio, ella sigue esperando por el muchacho que cumpla con sus sueños.
650 24 - SUBJECT ADDED ENTRY--TOPICAL TERM
Topical term or geographic name entry element Abuelos
General subdivision Novela juvenil
Geographic subdivision Cuba
9 (RLIN) 12725
650 24 - SUBJECT ADDED ENTRY--TOPICAL TERM
Topical term or geographic name entry element Novela juvenil
Geographic subdivision Cuba
9 (RLIN) 12726
650 24 - SUBJECT ADDED ENTRY--TOPICAL TERM
Topical term or geographic name entry element Circos
General subdivision Novela juvenil
Geographic subdivision Cuba
9 (RLIN) 12727
700 1# - ADDED ENTRY--PERSONAL NAME
Personal name Trejos, Mauricio,
Relator term Ilustrador
9 (RLIN) 12728
942 ## - ADDED ENTRY ELEMENTS (KOHA)
Source of classification or shelving scheme Dewey Decimal Classification
Koha item type Books
Existencias
Withdrawn status Lost status Source of classification or shelving scheme Damaged status Not for loan Home library Current library Shelving location Date acquired Source of acquisition Total Checkouts Full call number Barcode Date last seen Date last checked out Copy number Price effective from Koha item type
    Dewey Decimal Classification     Biblioteca Pública José María del Castillo y Rada Biblioteca Pública José María del Castillo y Rada General Stacks 12/16/2020 Donación 4 J-N PRIm 201811815 11/12/2024 11/08/2024 Ej.1 12/16/2020 Books